Statystyki dla Polscy aktorzy filmowi okresu międzywojennego

Kliknij tutaj aby rozwiązać quiz!

Ogólne statystyki

  • Ten quiz został rozwiązany 46 razy
  • Średni wynik to 4 z 16

Statystyki odpowiedzi

Aktor:% Poprawnych
Eugeniusz Bodo
94%
Adolf Bagiński-Dymsza
76%
Aleksander Żabczyński
38%
Igo Sym
32%
Kazimierz Junosza-Stępowski
24%
Antoni Fertner
18%
Stefan Jaracz
18%
Dobiesław Damięcki
15%
Franciszek Brodniewicz
12%
Konrad Tom
12%
Adam Brodzisz
9%
Józef Węgrzyn
9%
Witold Conti
9%
Jerzy Pichelski
6%
Tadeusz Olsza
6%
Zbigniew Rakowiecki
6%

Rozkład punktacji

Percentyl według liczby udzielonych odpowiedzi

Procent ludzi z każdym wynikiem

Twoja historia wyników

Nie rozwiązałeś tego quizu